000 00932nas a2200289 4500
001 BR2010000579
003 BR-BrBNA
005 20231205113853.0
007 ta
008 230509b bl.|||p| |||| 00| 00por d
040 _aBR-BrBNA
_bpor
_cBiblioteca Nacional de Agricultura
041 _a(Pt)
072 _aN20; K10
100 1 _aLopes, S.E.
100 1 _aFernandes, H.C.
100 1 _aMinette, L.J.
100 1 _aSilveira, J.C.M. da
100 1 _aRinaldi, P.C.N.
245 1 _aAvaliação técnica e econômica de um "skidder" operando em diferentes produtividades e distâncias de extração
650 _aMÁQUINA AGRÍCOLA
650 _aEQUIPAMENTO FLORESTAL
650 _aPERFORMANCE
650 _aCUSTO DE PRODUÇÃO
773 0 _tCiência e Agrotecnologia (Brazil)
_xISSN 1413-7054
_g(Nov-Dec 2009), v. 33(6) p. 1621-1626
_wBR2010000579
909 _a202311
_bLúcia
_c55
_dLúcia Elande
942 _2AGRIS
_n0
_cANA
999 _c206042
_d206042